|
|
|
|
| LEADER |
00000cam a22000004a 4500 |
| 001 |
musev2_77243 |
| 003 |
MdBmJHUP |
| 005 |
20230905051954.0 |
| 006 |
m o d |
| 007 |
cr||||||||nn|n |
| 008 |
041026s1989 nju o 00 0 eng d |
| 020 |
|
|
|a 9780691218007
|
| 020 |
|
|
|z 9780691101514
|
| 020 |
|
|
|z 9780691047034
|
| 035 |
|
|
|a (OCoLC)1273306383
|
| 040 |
|
|
|a MdBmJHUP
|c MdBmJHUP
|
| 100 |
1 |
|
|a Weiss, Nancy J.
|
| 245 |
1 |
0 |
|a Farewell to the Party of Lincoln :
|b Black Politics in the Age of F.D.R /
|c Nancy J. Weiss.
|
| 264 |
|
1 |
|a Princeton, N.J. :
|b Princeton University Press,
|c 1989.
|
| 264 |
|
3 |
|a Baltimore, Md. :
|b Project MUSE,
|c 2021
|
| 264 |
|
4 |
|c ©1989.
|
| 300 |
|
|
|a 1 online resource (360 pages).
|
| 336 |
|
|
|a text
|b txt
|2 rdacontent
|
| 337 |
|
|
|a computer
|b c
|2 rdamedia
|
| 338 |
|
|
|a online resource
|b cr
|2 rdacarrier
|
| 588 |
|
|
|a Description based on print version record.
|
| 600 |
1 |
7 |
|a Roosevelt, Franklin D.
|q (Franklin Delano),
|d 1882-1945.
|2 fast
|0 (OCoLC)fst00032031
|
| 600 |
1 |
0 |
|a Roosevelt, Franklin D.
|q (Franklin Delano),
|d 1882-1945
|v Juvenile literature.
|
| 651 |
|
7 |
|a United States.
|2 fast
|0 (OCoLC)fst01204155
|
| 651 |
|
0 |
|a United States
|x Politics and government
|y 1933-1945.
|
| 650 |
|
7 |
|a Politics and government.
|2 fast
|0 (OCoLC)fst01919741
|
| 655 |
|
7 |
|a Juvenile works.
|2 fast
|0 (OCoLC)fst01411637
|
| 655 |
|
7 |
|a Electronic books.
|2 local
|
| 710 |
2 |
|
|a Project Muse.
|e distributor
|
| 830 |
|
0 |
|a Book collections on Project MUSE.
|
| 856 |
4 |
0 |
|z Texto completo
|u https://projectmuse.uam.elogim.com/book/77243/
|
| 945 |
|
|
|a Project MUSE - Custom Collection
|